Developmental biology / (Record no. 15536)

MARC details
000 -LEADER
fixed length control field 01333cam a22003014a 4500
001 - CONTROL NUMBER
control field 13067728
003 - CONTROL NUMBER IDENTIFIER
control field MUT
005 - DATE AND TIME OF LATEST TRANSACTION
control field 20240606081337.0
008 - FIXED-LENGTH DATA ELEMENTS--GENERAL INFORMATION
fixed length control field 030124s2003 maua b 000 0 eng
010 ## - LIBRARY OF CONGRESS CONTROL NUMBER
LC control number 2003001670
020 ## - INTERNATIONAL STANDARD BOOK NUMBER
International Standard Book Number 0878932585 (hardcover)
040 ## - CATALOGING SOURCE
Transcribing agency MUT
042 ## - AUTHENTICATION CODE
Authentication code pcc
050 00 - LIBRARY OF CONGRESS CALL NUMBER
Classification number QL 955
Item number .G48 2003
082 00 - DEWEY DECIMAL CLASSIFICATION NUMBER
Classification number 571.8
Edition information 21
100 1# - MAIN ENTRY--PERSONAL NAME
Personal name Gilbert, Scott F.,
Dates associated with a name 1949-
245 10 - TITLE STATEMENT
Title Developmental biology /
250 ## - EDITION STATEMENT
Edition statement 7th ed.
260 ## - PUBLICATION, DISTRIBUTION, ETC.
Place of publication, distribution, etc. Sunderland, Mass. :
Name of publisher, distributor, etc. Sinauer Associates,
Date of publication, distribution, etc. c2003.
300 ## - PHYSICAL DESCRIPTION
Extent xvii, 838 p. :
Other physical details ill. (some col.);
Dimensions 29 cm. +
Accompanying material 1 CD-Rom (4 3/4 in.)
504 ## - BIBLIOGRAPHY, ETC. NOTE
Bibliography, etc. note Includes bibliographical references.
538 ## - SYSTEM DETAILS NOTE
System details note System requirements for accompanying computer disk: for Windows: Pentium III CPU, 800 MHZ or faster (Pentium 4 or comparable recommended), Windows 2000, XP or later; Windows-compatible sound card. For Macintosh: Power Macintosh G3 or newer; System 9.2, Mac OS x 10.1.2 or newer (Mas OS x 10.2 recommended).
650 #0 - SUBJECT ADDED ENTRY--TOPICAL TERM
Topical term or geographic name entry element Embryology.
650 #0 - SUBJECT ADDED ENTRY--TOPICAL TERM
Topical term or geographic name entry element Developmental biology.
906 ## - LOCAL DATA ELEMENT F, LDF (RLIN)
a 7
b cbc
c orignew
d 1
e ecip
f 20
g y-gencatlg
942 ## - ADDED ENTRY ELEMENTS (KOHA)
Source of classification or shelving scheme Library of Congress Classification
Koha item type Books
Holdings
Withdrawn status Lost status Source of classification or shelving scheme Damaged status Not for loan Home library Current library Shelving location Date acquired Source of acquisition Total checkouts Full call number Barcode Date last seen Price effective from Koha item type
    Library of Congress Classification     Murang'a University of Technology Library Murang'a University of Technology Library General stacks 14/02/2018 Donation-TFC   QL 955 .G48 2003 018775 30/08/2024 14/02/2018 Books
    Library of Congress Classification     Murang'a University of Technology Library Murang'a University of Technology Library General stacks 09/10/2019 Donation-TFC   QL 955 .G48 2003 027296 30/08/2024 09/10/2019 Books